| 000 | 00665cab a2200253 4500 | ||
|---|---|---|---|
| 001 | ABS60504 | ||
| 008 | 090401t1999 xxu||||| |||| 00| 0 eng d | ||
| 035 | _a(Sirsi) u93250 | ||
| 041 | _aeng | ||
| 100 | _aBirkbeck, D. | ||
| 245 | _aTop 50 homebuilders and housing associations | ||
| 260 | _c1999 | ||
| 350 | _a0 | ||
| 490 |
_aBuilding Homes _v(5) May 1999, 20-25(5) |
||
| 650 | _aHOME BUILDERS | ||
| 650 | _aHOUSE BUILDERS | ||
| 650 | _aHOUSING ASSOCIATIONS | ||
| 650 | _aLEAGUE TABLES | ||
| 650 | _aRANKINGS | ||
| 690 | _aPROPERTY-RESIDENTIAL PROPERTY-RESIDENTIAL PROPERTY MARKET | ||
| 700 | _aBazlinton, C | ||
| 942 | _n0 | ||
| 948 | _c11/05/1999 | ||
| 999 |
_c59104 _d59104 |
||